La rueda de la vida /

Detalles Bibliográficos
Autor principal: Kübler-Ross, Elisabeth (Autor)
Otros Autores: Brito, Amelia (Brito Astorga) (Traductor)
Formato: Electrónico eBook
Lenguaje:español
inglés
Publicado: Barcelona (España) : Ediciones B, [2011]
Materias:
Acceso en línea:Digitalia Hispánica

MARC

LEADER 00000nam a2200000Ii 4500
001 DIGEDICNSB0074
003 NyNyDIG
008 221012s2011 sp ao o 001 0bspa d
006 m o d
007 cr |||||||||||
035 |a (OCoLC)1379442624 
040 |a DGITA  |b eng  |e rda  |e pn  |c DGITA 
020 |a 9788466645836  |q eBook 
020 |z 9788466632256 
041 1 |a spa  |h eng 
043 |a n-us--- 
050 1 4 |a RC339.52.K83 ebook 
100 1 |a Kübler-Ross, Elisabeth,  |e author. 
240 1 0 |a Wheel of Life.  |l Spanish  |s (Brito) 
245 1 3 |a La rueda de la vida /  |c Elisabeth Kübler Ross ; traducción Amelia Brito.  
264 1 |a Barcelona (España) :  |b Ediciones B,  |c [2011] 
300 |a 1 online resource :  |b illustrations, photographs. 
336 |a text  |b txt  |2 rdacontent 
337 |a computer  |b c  |2 rdamedia 
338 |a online resource  |b cr  |2 rdacarrier 
347 |a text file  |2 rdaft 
347 |b EPUB 
500 |a Includes index. 
588 0 |a Online resource; title from ePub title page (Digitalia, viewed October 12, 2022) 
600 1 0 |a Kübler-Ross, Elisabeth. 
650 0 |a Psychiatrists  |z United States  |v Biography. 
650 0 |a Death  |x Psychological aspects. 
650 0 |a Future life. 
700 1 |a Brito, Amelia  |q (Brito Astorga),  |e translator. 
700 1 |i Translation of:  |a Kübler-Ross, Elisabeth.  |t Wheel of Life. 
791 2 |a Digitalia (Firm),  |e distributor. 
793 0 |g Digitalia eBook Collection:  |a Ediciones B 
776 0 8 |i Print version:  |a Kübler-Ross, Elisabeth.  |s Wheel of Life. Spanish (Brito).  |t Rueda de la vida.  |b Primera edición.  |d Barcelona (España) : Ediciones B, [2010]  |z 9788466632256 
856 4 0 |3 Digitalia Hispánica  |u https://www.digitaliapublishing.com/a/53210/ 
910 |a Premium collection: 2022